[Event "1er Magistral Gráfica Yael-Torre Blanca"]
[Site "Circulo de Ajedrez Torre Blan"]
[Date "2010.07.29"]
[Round "6"]
[White "Zapata Ferrada, Marco"]
[Black "Bassan, Remo"]
[Result "1-0"]
[WhiteElo "2372"]
[BlackElo "2210"]
[PlyCount "76"]
[EventDate "2010.07.24"]
[EventType "tourn"]
[EventRounds "1"]
[EventCountry "ARG"]
[SourceDate "2010.07.24"]

1. d4 Nf6 2. Bg5 Ne4 3. Bf4 d5 4. f3 Nf6 5. Nc3 Bf5 6. g4 Bg6 7. h4 h6 8. e3 e6
9. Nge2 c5 10. Qd2 Nc6 11. a3 a6 12. Bg3 Bd6 13. Bxd6 Qxd6 14. Nf4 cxd4 15.
exd4 Bxc2 16. Nce2 Bb3 17. Kf2 Rc8 18. Rc1 Ke7 19. Ng3 g6 20. Qe3 Bc4 21. h5
Kd7 22. hxg6 e5 23. dxe5 Nxe5 24. Bh3 fxg6 25. g5+ Nfg4+ 26. Bxg4+ Nxg4+ 27.
fxg4 Rcf8 28. Nf5 gxf5 29. g6 fxg4 30. Kg3 Re8 31. Qd2 Rhf8 32. Rce1 Rxe1 33.
Rxe1 h5 34. g7 h4+ 35. Kxg4 Rg8 36. Qd4 Qh6 37. Nh5 h3 38. Nf6+ Kd8 1-0